000 00458cam a2200193ua 4500
020 _c5.50
041 _aeng
_h
082 _a823.308
_bAUE/AB
100 _aAuezov, Mukhtar .
245 _aAbai /
_cMukhtar Auezov.
_hTextual Documents
250 _a1 /
_b.
260 _aMoscow :
_bForeign Language Publishing House ,
_c1982.
300 _a430 ; .
365 _a5.50
504 _a
942 _cBK
999 _c7637
_d7637